Proyecto de vivienda urbana 1920-2000: Ciudad de León, Nicaragua /
Guardat en:
| Autor principal: | |
|---|---|
| Format: | Text |
| Publicat: |
San José; Costa Rica:
FLACSO Costa Rica
|
| Matèries: | |
| Etiquetes: |
Afegir etiqueta
Sense etiquetes, Sigues el primer a etiquetar aquest registre!
|
MARC
| LEADER | 00000 a a2200000 04500 | ||
|---|---|---|---|
| 001 | 46280 | ||
| 003 | |||
| 040 | |||
| 020 | |a 9977-68-133-3 | ||
| 090 | |a 14.04.03 B668v | ||
| 100 | |a López Narváez, Enrique | ||
| 245 | |a Proyecto de vivienda urbana 1920-2000: |b Ciudad de León, Nicaragua / |c Enrique López Narváez | ||
| 260 | |a San José; Costa Rica: |b FLACSO Costa Rica | ||
| 650 | |a MIGRACION RURAL URBANA | ||
| 650 | |a POLITICA DE VIVIENDA | ||
| 650 | |a ZONAS URBANAS | ||
| 650 | |a PROYECTOS DE VIVIENDA | ||
| 650 | |a POBREZA | ||
| 650 | |a GOBIERNO LOCAL | ||
| 650 | |a CONDICIONES DE VIVIENDA | ||
| 650 | |a NICARAGUA | ||
| 650 | |a POBLACION | ||
| 773 | |g páginas 129-162 | ||
| 999 | |c 28400 |d 28400 | ||



